Invertebrates
Salvato in:
| Autore principale: | |
|---|---|
| Natura: | Libro |
| Lingua: | inglese |
| Pubblicazione: |
Filadelfia, USA
Saunders College
1990
|
| Soggetti: | |
| Tags: |
Aggiungi Tag
Nessun Tag, puoi essere il primo ad aggiungerne!!
|
MARC
| LEADER | 00000nam a2200000 a 4500 | ||
|---|---|---|---|
| 001 | UCO7006 | ||
| 003 | CL-VaPUC | ||
| 005 | 20211028074321.0 | ||
| 008 | 001103e19900000US |||||||||||||||||eng|d | ||
| 999 | |c 292235 |d 292233 | ||
| 040 | |c Pontificia Universidad Católica de Valparaíso | ||
| 082 | 0 | 4 | |a 592 KOZ 1990 |2 21 |
| 100 | 0 | |a Kozloff, Eugene N |9 451641 | |
| 245 | 1 | 0 | |a Invertebrates |
| 260 | 0 | 3 | |a Filadelfia, USA |b Saunders College |c 1990 |
| 300 | |a 866 páginas | ||
| 583 | |a last modification |c 20001103 00:00:00 |k Rodrigo Vera | ||
| 650 | 0 | |a Crustáceos |9 259969 | |
| 650 | 0 | |a Invertebrados |9 261302 | |
| 650 | 0 | |a Moluscos |9 261245 | |
| 650 | 7 | |a PROTOZOOS |2 CL-VaPUC |9 346253 | |
| 650 | 0 | |a Zoología |9 261613 | |
| 942 | |c BK |2 ddc | ||
| 945 | |d 20001103 00:00:00 |a vberengu | ||
| 952 | |0 0 |1 0 |2 ddc |4 0 |6 592_000000000000000_KOZ_1990 |7 0 |8 A |9 342945 |a BIBCUR |b BIBCUR |c PAC |d 2019-11-20 |i 3665259 |o 592 KOZ 1990 |p 3665259 |r 2025-04-22 |t 1 |w 2019-11-20 |y BK |k BIO | ||